000 00564nam a22001817a 4500
005 20170517143839.0
010 _aENG-118215
020 _a9789384275297
_c995.00
035 _aEN-101747
037 _bDBAD/PUB
082 _a307.141209545
100 _aS.P.(K) Vennela Rau
245 _a Rural development of north east india/
_cby S. P.(K) Vennela Rau
260 _aIndia
_bNE BOOKS AND PUBLISHERS
_c2017
270 _aNational Highway Silchar- 788005 Assam, India
300 _a218p.
_c23cm. (Hb)
942 _2ddc
_cEN
_h307.141209545
_mRAU
999 _c140031
_d140031